Every IPL team to EVER exist - Statistics

General Stats
  • This quiz has been taken 18 times
  • The average score is 9 of 15
Answer Stats
Hint Answer % Correct
2 Mumbai Indians
92%
1 Chennai Super Kings
83%
11 Deccan Chargers
83%
8 Punjab Kings/Kings XI Punjab
75%
4 Rajasthan royals
75%
6 Sunrisers Hyderabad
75%
14 Gujarat Lions
67%
9 Gujarat Titans
67%
10 Lucknow Super Giants
67%
15 Rising Pune Supergiant
67%
3 Kolkata Knight Riders
58%
12 Pune Warriors India
50%
13 Kochi Tuskers Kerala
25%
5 Royal Challengers Banglore/Royal Challengers Bengeluru
25%
7 Dehli Capitals
17%
No matching quizzes found
Score Distribution
Percent of People with Each Score
Percentile by Number Answered
Your Score History
You have not taken this quiz